000 00763nam a2200241 i 4500
001 98563
003 ES-MaACL
005 20240514182432.0
007 t|
008 051006s1969 sp ||||1| cat d
080 _a849.9-321.2"19"
100 1 _aFerran de Pol, Lluís.
_950244
245 1 0 _aAntología de los cuentos de Ferran de Pol /
_c[Prólogo Felipe Cid ; versión J. Batlló].
260 _aBarcelona :
_bEd. Polígrafa,
_c[1969]
300 _a181 p. ;
_c21 cm.
490 1 _aLa senda ;
_v6
700 1 _aCid, Felip,
_d1930-2015
_938758
700 1 _aBatlló, José,
_d1939-2016
_926456
830 0 _aLa senda ;
_v6
_9182917
852 _aES-MaACL
_jC-41494
_bR.79782
852 _aES-MaACL
_jC-39394
_bR.72615
999 _c98563
_d98563